MARC

LEADER 00000nam0a2200000 4500
001 253763
005 20231101232855.0
035 |a (RuTPU)RU\TPU\book\276172 
090 |a 253763 
100 |a 20140315d1974 m y0rusy50 ca 
101 0 |a rus 
102 |a RU 
105 |a a j 001zy 
200 1 |a Общая и неорганическая химия  |e учебное пособие для педагогических институтов  |f Л. А. Николаев 
210 |a Москва  |c Просвещение  |d 1974 
215 |a 624 с.  |c ил. 
320 |a Библиогр.: с. 610-617. 
606 1 |a Химия общая  |2 stltpush  |3 (RuTPU)RU\TPU\subj\67862  |9 83510 
606 1 |a Неорганическая химия  |2 stltpush  |3 (RuTPU)RU\TPU\subj\67586  |9 83311 
610 1 |a учебные пособия 
610 1 |a основные понятия 
610 1 |a радиоактивность 
610 1 |a ядерные реакции 
610 1 |a периодический закон 
610 1 |a химическая связь 
610 1 |a агрегатные состояния 
610 1 |a химические реакции 
610 1 |a растворы 
610 1 |a металлы 
675 |a 54(075.8)  |v 3 
675 |a 546(075.8)  |v 3 
700 1 |a Николаев  |b Л. А.  |g Лев Александрович 
801 1 |a RU  |b 63413507  |c 20140315 
801 2 |a RU  |b 63413507  |c 20140320  |g RCR 
942 |c BK